000 00599nam a2200265Ia 4500
005 20260306164345.0
008 008 260114s9999 xx 000 0 eng d
020 _a9780300127218
037 _aEBOOK
040 _aCRL
040 _beng
040 _cCRL
041 _2eng
041 _aeng
084 _qCRL
100 _aBen-atar
_91130533
245 0 _aTrade Secrets
260 _bYale University Press
260 _c2013
650 _aEconomics & Finance
856 _uhttps://academic.oup.com/book/17639
942 _cEBOOK
999 _c1713769
_d1713769